Associa lo sport, al suo atleta italiano più famoso - Statistics

Statistiche generali
  • Questo quiz è stato fatto 112 volte
  • Il punteggio medio è 19 su 26
Statistiche sulle risposte
Hint Risposta % Corretto
Alberto Tomba Sci
94%
Federica Pellegrini Nuoto
93%
Jannik Sinner Tennis
90%
Roberto Baggio Calcio
89%
Valentino Rossi Motociclismo (Moto GP)
89%
Paola Egonu Pallavolo
86%
Kimi Antonelli Automobilismo (F1)
84%
Gianmarco Tamberi Salto in alto
84%
Marco Pantani Ciclismo
83%
Marcell Jacobs Corsa (Velocità)
83%
Roberto Bolle Danza
83%
Tania Cagnotto Tuffi
83%
Danilo Gallinari Basket
80%
Jury Chechi Ginnastica artistica (Anelli)
80%
Carolina Kostner Pattinaggio artistico su ghiaccio
79%
Valentina Vezzali Scherma
74%
Alex Schwazer Marcia
68%
Stefania Costantini Curling
62%
Fiona May Salto in lungo
61%
Francesca Lollobrigida Pattinaggio di velocità su ghiaccio (Lungo)
56%
Arianna Fontana Pattinaggio di velocità su ghiaccio (Short track)
54%
Giuseppe Abbagnale Canottaggio
52%
Nino Benvenuti Pugilato
52%
Yeman Crippa Corsa (Fondo)
51%
Sergio Parisse Rugby
48%
Fabiano Caruana Scacchi
41%
Nessun quiz corrispondente trovato
Distribuzione punteggi
Percentuale di utenti per punteggio
Percentile per numero di risposta
I tuoi punteggi nel tempo
Non hai fatto questo quiz